000 00415nam a2200181Ia 4500
001 3579
005 20260306145653.0
008 260306t1995||||xx |||||||||||||| ||spa||
041 _aESP
082 _a291
_bN49
100 _aNewman, John Henry
_eAUT
245 0 _aPersuadido por la verdad
260 _c1995
300 _a123 páginas :
_c23 cm.
650 _aGEN
654 _aCHU
942 _cLIB
_dJUS
_fJUS
_2ddc
_n
999 _c3579
_d3579